[Event "Sardinia World op-A"]
[Site "Orosei"]
[Date "2024.05.03"]
[Round "8"]
[White "Krivenko, Dion"]
[Black "Samunenkov, Igor"]
[Result "0-1"]
[WhiteElo "2254"]
[BlackElo "2548"]
[PlyCount "120"]
[EventDate "2024.04.27"]
[EventType "swiss"]
[EventRounds "9"]
[EventCountry "ITA"]
[SourceTitle "CB19_2024"]
[SourceDate "2024.05.08"]
[SourceVersion "1"]
[SourceVersionDate "2024.05.08"]
[SourceQuality "1"]

1. e4 e5 2. Bc4 Nf6 3. d3 c6 4. Nf3 d5 5. Bb3 Bb4+ 6. c3 Bd6 7. 0-0 0-0 8. Re1 Nbd7 9. Nbd2 Qc7 10. Nf1 dxe4 11. dxe4 Nc5 12. Bc2 Rd8 13. Ng3 Be7 14. Qe2 b6 15. Nf5 Ba6 16. Qe3 Ng4 17. Nxe7+ Qxe7 18. Qg5 Qxg5 19. Bxg5 f6 20. h3 Nxf2 21. Kxf2 fxg5 22. Rad1 Bd3 23. Bb3+ Nxb3 24. axb3 c5 25. Rd2 Bb5 26. Rd5 Bc6 27. Rxe5 h6 28. Re7 Re8 29. Rxe8+ Rxe8 30. Nd2 Rd8 31. Ke3 Kf7 32. Ra1 Rd7 33. Rf1+ Ke7 34. Rf5 g6 35. Rf1 Bb5 36. c4 Bc6 37. Nb1 b5 38. Nc3 bxc4 39. bxc4 Rb7 40. Rb1 Kd6 41. Rd1+ Ke5 42. Rd2 Rb3 43. Re2 a5 44. Kd3 a4 45. Kc2 Rb4 46. Kd3 Bb7 47. Nd5 Rxc4 48. Kxc4 Ba6+ 49. Kxc5 Bxe2 50. Kb4 Bd3 51. Kc3 Bxe4 52. Ne3 Kf4 53. Kd4 Bb7 54. g4 Kg3 55. Ke5 Kxh3 56. Kf6 Be4 57. Kg7 h5 58. Kh6 hxg4 59. Kxg5 g3 60. Kf4 g2 0-1

[Event "Sardinia World op-A"]
[Site "Orosei"]
[Date "2024.05.02"]
[Round "7"]
[White "Samunenkov, Igor"]
[Black "Ezra, Paul Chambers"]
[Result "0-1"]
[WhiteElo "2548"]
[BlackElo "2343"]
[PlyCount "100"]
[EventDate "2024.04.27"]
[EventType "swiss"]
[EventRounds "9"]
[EventCountry "ITA"]
[SourceTitle "CB19_2024"]
[SourceDate "2024.05.08"]
[SourceVersion "1"]
[SourceVersionDate "2024.05.08"]
[SourceQuality "1"]

1. d4 d5 2. c4 c6 3. Nf3 Nf6 4. g3 Bf5 5. Nc3 e6 6. Nh4 dxc4 7. Nxf5 exf5 8. e3 Nbd7 9. Bxc4 Nb6 10. Bb3 Qd7 11. f3 h5 12. Bd2 h4 13. gxh4 Rxh4 14. Qc2 0-0-0 15. 0-0-0 Rh3 16. Rdf1 Bb4 17. a3 Bxc3 18. bxc3 Kb8 19. Be1 Qe7 20. Bg3+ Ka8 21. Kb2 c5 22. Re1 c4 23. Ba2 Rd5 24. Kc1 Ra5 25. Kd2 Rxa3 26. Bb1 g6 27. Ke2 Nfd5 28. Kf2 Nxc3 29. Qc1 Nxb1 30. Qxb1 Rh8 31. e4 fxe4 32. Rxe4 Qd7 33. d5 Qf5 34. Rhe1 Rc8 35. d6 Rxf3+ 36. Kg1 Rd3 37. Re5 Qd7 38. Re7 Qc6 39. Rc7 Rxc7 40. dxc7 Nc8 41. Qb4 b6 42. Qf8 Kb7 43. Qd8 Qc5+ 44. Kf1 Qf5+ 45. Kg1 f6 46. Rf1 Qc5+ 47. Kg2 f5 48. Kh3 b5 49. Qf6 Qc6 50. Qe5 a6 0-1

[Event "Sardinia World op-A"]
[Site "Orosei"]
[Date "2024.04.30"]
[Round "5"]
[White "Samunenkov, Igor"]
[Black "Grot, Blazej"]
[Result "1-0"]
[WhiteElo "2548"]
[BlackElo "2046"]
[PlyCount "73"]
[EventDate "2024.04.27"]
[EventType "swiss"]
[EventRounds "9"]
[EventCountry "ITA"]
[SourceTitle "CB19_2024"]
[SourceDate "2024.05.08"]
[SourceVersion "1"]
[SourceVersionDate "2024.05.08"]
[SourceQuality "1"]

1. d4 Nf6 2. Nf3 e6 3. c4 d5 4. g3 Be7 5. Bg2 0-0 6. 0-0 dxc4 7. Qc2 b6 8. Ne5 Qxd4 9. Bxa8 Qxe5 10. Bf3 Nd5 11. Nc3 Nc6 12. Nxd5 exd5 13. Bf4 Qe6 14. Rad1 Nb4 15. Qb1 c6 16. a3 Na6 17. e4 Bb7 18. exd5 cxd5 19. Rfe1 Qd7 20. b3 cxb3 21. Qxb3 Nc5 22. Qe3 Bf6 23. Be5 Bxe5 24. Qxe5 Ne6 25. Bxd5 Bxd5 26. Rxd5 Qa4 27. Qc3 Qg4 28. Qe3 Qa4 29. Red1 h6 30. Rd7 Rc8 31. h4 Qc2 32. Qf3 f5 33. Qd5 Qc6 34. Qxf5 Rf8 35. Qg6 Rf6 36. Rxg7+ Nxg7 37. Rd8+ 1-0

[Event "Sardinia World op-A"]
[Site "Orosei"]
[Date "2024.04.29"]
[Round "3"]
[White "Samunenkov, Igor"]
[Black "Balabayeva, Kseniya"]
[Result "1/2-1/2"]
[WhiteElo "2548"]
[BlackElo "2248"]
[PlyCount "94"]
[EventDate "2024.04.27"]
[EventType "swiss"]
[EventRounds "9"]
[EventCountry "ITA"]
[SourceTitle "CB19_2024"]
[SourceDate "2024.05.08"]
[SourceVersion "1"]
[SourceVersionDate "2024.05.08"]
[SourceQuality "1"]

1. d4 d5 2. c4 e6 3. Nf3 Nf6 4. g3 Be7 5. Bg2 0-0 6. 0-0 dxc4 7. Qc2 a6 8. a4 c5 9. dxc5 Bxc5 10. Qxc4 Qe7 11. Ne1 e5 12. Nc3 Be6 13. Qh4 h6 14. Nd3 Bd4 15. Ne4 Nbd7 16. Bd2 a5 17. e3 Bb6 18. Bc3 Bf5 19. Nxf6+ Qxf6 20. Qxf6 gxf6 21. Rfd1 Rab8 22. Kf1 Rfc8 23. Ke2 Be6 24. Rd2 Nc5 25. Nxc5 Rxc5 26. Ke1 Bc7 27. Bf1 Bc4 28. Bxc4 Rxc4 29. Rd5 b6 30. Ke2 Re8 31. Kd3 Rc6 32. Ke4 Kg7 33. Kf5 Rc4 34. Rd7 h5 35. Rad1 Re6 36. e4 Rcc6 37. R1d5 Rc4 38. h4 Rec6 39. Re7 Bd6 40. Rd7 Bb4 41. Rb7 Bxc3 42. Rdd7 Bb4 43. Rxf7+ Kg8 44. Rg7+ Kh8 45. Rh7+ Kg8 46. Rhg7+ Kh8 47. Rh7+ Kg8 1/2-1/2

[Event "Titled Tuesday intern op 16th Apr Early"]
[Site "Chess.com INT"]
[Date "2024.04.16"]
[Round "8"]
[White "Jaiveer, Mahendru"]
[Black "Samunenkov, Igor"]
[Result "0-1"]
[WhiteElo "2244"]
[BlackElo "2548"]
[PlyCount "154"]
[EventDate "2024.04.16"]
[EventType "swiss (blitz)"]
[EventRounds "11"]
[EventCountry "USA"]
[SourceTitle "CB17_2024"]
[SourceDate "2024.04.24"]
[SourceVersion "1"]
[SourceVersionDate "2024.04.24"]
[SourceQuality "1"]

1. e4 c5 2. Nf3 e6 3. d4 cxd4 4. Nxd4 Nc6 5. Nc3 Qc7 6. Be3 a6 7. Be2 Nf6 8. 0-0 Be7 9. f4 d6 10. Bf3 0-0 11. Kh1 Na5 12. Qe2 Rb8 13. Rae1 b5 14. g4 Bb7 15. g5 Nd7 16. Rg1 Nc4 17. Bc1 Nc5 18. f5 exf5 19. exf5 Ne5 20. Bxb7 Qxb7+ 21. Qg2 Bd8 22. f6 g6 23. Nd5 Re8 24. Bf4 Ne6 25. Bxe5 dxe5 26. Rxe5 Bc7 27. Nxc7 Qxc7 28. Re4 Nxd4 29. Rxd4 h5 30. gxh6 Kh7 31. Rg4 Rbd8 32. c3 Re6 33. Rf1 Rde8 34. h4 Re2 35. Qg3 Qc6+ 36. Qf3 Qd6 37. Rg3 R8e3 38. Qxe3 Rxe3 39. Rxe3 Qd5+ 40. Ref3 Qxa2 41. R1f2 Qd5 42. Kh2 Kxh6 43. Kh3 Qe6+ 44. Kg3 Kh5 45. Rf4 Qe3+ 46. R4f3 Qe5+ 47. Rf4 a5 48. Kh3 Qe6+ 49. Kg3 Qe3+ 50. R4f3 Qe1 51. Rf4 Qg1+ 52. Kh3 Qh1+ 53. Kg3 Qd5 54. R4f3 Qe5+ 55. Rf4 a4 56. Kh3 Qe6+ 57. Kg3 Qe1 58. Kh3 Qd1 59. Kg3 Qd3+ 60. R4f3 Qd5 61. Rf4 Qe5 62. Kh3 Kh6 63. Kg3 Qe6 64. R4f3 Kh5 65. Rf4 Qd7 66. R4f3 Qg4+ 67. Kh2 Qe4 68. Rg3 Qe5 69. Kh3 Qe6+ 70. Kh2 Qe5 71. Kh3 Qe6+ 72. Kh2 Qd6 73. Kh3 Qc7 74. Rgf3 Qc8+ 75. Kh2 Kxh4 76. Rg2 g5 77. Rfg3 Qc7 0-1

[Event "Titled Tuesday intern op 02nd Apr Early"]
[Site "Chess.com INT"]
[Date "2024.04.02"]
[Round "5"]
[White "Samunenkov, Igor"]
[Black "Di Nicolantonio, Lucas"]
[Result "1-0"]
[WhiteElo "2548"]
[BlackElo "2406"]
[PlyCount "81"]
[EventDate "2024.04.02"]
[EventType "swiss (blitz)"]
[EventRounds "11"]
[EventCountry "USA"]
[SourceTitle "CB15_2024"]
[SourceDate "2024.04.10"]
[SourceVersion "1"]
[SourceVersionDate "2024.04.10"]
[SourceQuality "1"]

1. e4 e6 2. d4 d5 3. Nd2 c5 4. exd5 Qxd5 5. Ngf3 cxd4 6. Bc4 Qd6 7. 0-0 Nf6 8. Nb3 Nc6 9. Nbxd4 Nxd4 10. Nxd4 Be7 11. Re1 0-0 12. c3 e5 13. Nf3 Qxd1 14. Rxd1 e4 15. Ne5 Ng4 16. Bf4 Bc5 17. Nxg4 Bxg4 18. Re1 Rfe8 19. Bd5 e3 20. Bxe3 Bxe3 21. Rxe3 Rxe3 22. fxe3 Rd8 23. Bxb7 Rb8 24. Bd5 Rxb2 25. c4 Kf8 26. Rf1 f6 27. Rf4 Bd7 28. c5 Bb5 29. a4 Ba6 30. Re4 Rc2 31. c6 Rc1+ 32. Kf2 Rc2+ 33. Kg3 Bf1 34. Rb4 Ke7 35. Rb7+ Kd6 36. Rd7+ Ke5 37. Bf3 Ba6 38. Rxg7 Rc1 39. Rxa7 Bd3 40. Rd7 Kf5 41. Rxd3 1-0

[Event "Titled Tuesday intern op 02nd Apr Early"]
[Site "Chess.com INT"]
[Date "2024.04.02"]
[Round "9"]
[White "Samunenkov, Igor"]
[Black "Kuzubov, Yuriy"]
[Result "0-1"]
[WhiteElo "2548"]
[BlackElo "2606"]
[PlyCount "90"]
[EventDate "2024.04.02"]
[EventType "swiss (blitz)"]
[EventRounds "11"]
[EventCountry "USA"]
[SourceTitle "CB15_2024"]
[SourceDate "2024.04.10"]
[SourceVersion "1"]
[SourceVersionDate "2024.04.10"]
[SourceQuality "1"]

1. d4 Nf6 2. c4 e6 3. g3 d5 4. Nf3 Be7 5. Bg2 0-0 6. 0-0 dxc4 7. Qc2 b5 8. a4 b4 9. Nfd2 Nd5 10. Nxc4 c5 11. dxc5 Ba6 12. Nbd2 Nd7 13. e4 b3 14. Qxb3 Nxc5 15. Qd1 Nb6 16. b3 Rb8 17. Ba3 Nxb3 18. Nxb3 Bxc4 19. Qxd8 Bxd8 20. Bxf8 Kxf8 21. Rfb1 Bf6 22. Ra3 Be7 23. Ra2 Nd7 24. Rab2 Bf6 25. Na5 Rxb2 26. Rxb2 Bxb2 27. Nxc4 Bd4 28. e5 Nc5 29. Bc6 Nd3 30. Kf1 Nxf2 31. Ke2 Ng4 32. h3 Nxe5 33. Nxe5 Bxe5 34. g4 Ke7 35. Kf3 a5 36. Bb5 g6 37. Bd3 f5 38. Bc4 Bd4 39. Bb3 Kf6 40. Bc4 e5 41. gxf5 gxf5 42. Bg8 h6 43. Bh7 Bb2 44. Ke2 e4 45. Bg8 Ke5 0-1

[Event "Titled Tuesday intern op 02nd Apr Early"]
[Site "Chess.com INT"]
[Date "2024.04.02"]
[Round "3"]
[White "Samunenkov, Igor"]
[Black "Sreyas, Payyappat"]
[Result "1-0"]
[WhiteElo "2548"]
[BlackElo "2084"]
[PlyCount "95"]
[EventDate "2024.04.02"]
[EventType "swiss (blitz)"]
[EventRounds "11"]
[EventCountry "USA"]
[SourceTitle "CB15_2024"]
[SourceDate "2024.04.10"]
[SourceVersion "1"]
[SourceVersionDate "2024.04.10"]
[SourceQuality "1"]

1. d4 Nf6 2. c4 c5 3. d5 e6 4. Nc3 exd5 5. cxd5 d6 6. e4 g6 7. Nf3 Bg7 8. h3 0-0 9. Be3 Re8 10. Nd2 Nbd7 11. Be2 a6 12. a4 Qb6 13. Qc2 Qc7 14. 0-0 h6 15. Nc4 Rb8 16. a5 Ne5 17. Nb6 g5 18. Nxc8 Qxc8 19. Ra4 g4 20. hxg4 Nexg4 21. Bf4 Nh5 22. Bxd6 Ra8 23. Qd1 Nhf6 24. Rc4 Qd7 25. Bxc5 Rac8 26. b4 h5 27. Qd2 Bh6 28. f4 Bg7 29. e5 Nh7 30. Bd3 Nf8 31. Ne4 Kh8 32. Ng3 h4 33. Bf5 Qd8 34. Bxg4 hxg3 35. Bxc8 Qxc8 36. Qe3 Qg4 37. Rc3 Ng6 38. Qxg3 Qf5 39. Qh3+ Qxh3 40. Rxh3+ Kg8 41. d6 Rd8 42. Rd3 Nf8 43. Bb6 Rd7 44. Re1 Ne6 45. f5 Nf4 46. Rdd1 Kf8 47. e6 fxe6 48. fxe6 1-0

[Event "Titled Tuesday intern op 12th Mar Early"]
[Site "Chess.com INT"]
[Date "2024.03.12"]
[Round "9"]
[White "Samunenkov, Igor"]
[Black "Grandadam, Nicolas"]
[Result "1-0"]
[WhiteElo "2544"]
[BlackElo "2265"]
[PlyCount "79"]
[EventDate "2024.03.12"]
[EventType "swiss (blitz)"]
[EventRounds "11"]
[EventCountry "USA"]
[SourceTitle "CB12_2024"]
[SourceDate "2023.10.01"]
[SourceVersion "1"]
[SourceVersionDate "2023.10.01"]
[SourceQuality "1"]

1. d4 d5 2. c4 e6 3. Nc3 Bb4 4. Nf3 Nf6 5. e3 c5 6. a3 Bxc3+ 7. bxc3 Qa5 8. Bd2 Ne4 9. Bd3 Nxd2 10. Qxd2 dxc4 11. Bxc4 0-0 12. Bd3 cxd4 13. cxd4 Qxd2+ 14. Kxd2 Nc6 15. Rhc1 Bd7 16. Rab1 Na5 17. Be4 Rab8 18. Ne5 Ba4 19. Ke2 f6 20. Nd3 Rfc8 21. Nc5 Bc6 22. f3 Bxe4 23. fxe4 Kf7 24. Kd3 Ke7 25. Na4 b6 26. Nc3 Nc4 27. Nb5 a6 28. Rxc4 axb5 29. Rxc8 Rxc8 30. Rxb5 Rc6 31. d5 Rc1 32. Rxb6 Ra1 33. Rxe6+ Kd7 34. Ra6 Ra2 35. Ra7+ Kd6 36. Rxg7 Rxa3+ 37. Ke2 h5 38. Rf7 Ke5 39. Re7+ Kd6 40. Re6+ 1-0

[Event "Titled Tuesday intern op 12th Mar Early"]
[Site "Chess.com INT"]
[Date "2024.03.12"]
[Round "8"]
[White "Samunenkov, Igor"]
[Black "Olhovik, Andrei"]
[Result "0-1"]
[WhiteElo "2544"]
[BlackElo "2283"]
[PlyCount "90"]
[EventDate "2024.03.12"]
[EventType "swiss (blitz)"]
[EventRounds "11"]
[EventCountry "USA"]
[SourceTitle "CB12_2024"]
[SourceDate "2023.10.01"]
[SourceVersion "1"]
[SourceVersionDate "2023.10.01"]
[SourceQuality "1"]

1. d4 d5 2. c4 e6 3. Nc3 c5 4. cxd5 exd5 5. Nf3 Nc6 6. g3 Nf6 7. Bg2 Be7 8. 0-0 0-0 9. Bg5 c4 10. Ne5 Be6 11. Nxc6 bxc6 12. b3 Qa5 13. Qd2 Bb4 14. Rfc1 Ne4 15. Bxe4 dxe4 16. bxc4 Bxc4 17. Qe3 f6 18. Nxe4 Bd5 19. a3 Bxe4 20. Qxe4 Bc3 21. Rxc3 Qxc3 22. Rc1 Qxa3 23. Be3 Rac8 24. Rxc6 Rxc6 25. Qxc6 Qe7 26. Qc4+ Qf7 27. Qa4 Rd8 28. h4 h6 29. Bf4 Qd7 30. Qa2+ Kh8 31. Be3 Qb7 32. Qa5 Rd5 33. Qa3 a5 34. Kh2 Qd7 35. Qf8+ Kh7 36. Qa8 a4 37. Qa6 Rd6 38. Qa5 Re6 39. Kg2 Re8 40. Kg1 Rb8 41. Bf4 Qb5 42. Qc7 Rb7 43. Qc2+ f5 44. e4 Qb1+ 45. Qxb1 Rxb1+ 0-1

[Event "Titled Tuesday intern op 13th Feb Early"]
[Site "Chess.com INT"]
[Date "2024.02.13"]
[Round "6"]
[White "Hayrapetyan, Edgar"]
[Black "Samunenkov, Igor"]
[Result "0-1"]
[WhiteElo "2343"]
[BlackElo "2539"]
[PlyCount "126"]
[EventDate "2024.02.13"]
[EventType "swiss (blitz)"]
[EventRounds "11"]
[EventCountry "USA"]
[SourceTitle "CB08_2024"]
[SourceDate "2024.02.21"]
[SourceVersion "1"]
[SourceVersionDate "2024.02.21"]
[SourceQuality "1"]

1. e4 c6 2. d4 d5 3. Nc3 dxe4 4. Nxe4 Bf5 5. Ng3 Bg6 6. h4 h6 7. h5 Bh7 8. Nf3 e6 9. Bd3 Bxd3 10. Qxd3 Nf6 11. Bd2 Be7 12. 0-0-0 c5 13. Be3 Nc6 14. dxc5 Qa5 15. Kb1 Bxc5 16. Ne4 Nxe4 17. Qxe4 Bxe3 18. Qxe3 0-0 19. Rd7 Nb4 20. a3 Nd5 21. Qb3 b5 22. Ne5 Rac8 23. Rd1 Rc7 24. Rxc7 Qxc7 25. Nf3 Rc8 26. Rd2 a6 27. g3 Nf6 28. Qd3 Nxh5 29. Qd6 Qb7 30. Ne5 Nf6 31. f3 Nd5 32. g4 Qc7 33. Qxc7 Rxc7 34. Nd3 Rc4 35. Re2 Nf4 36. Rd2 Nxd3 37. Rxd3 Rc6 38. c3 g6 39. Kc2 Kg7 40. Kd2 f5 41. Ke3 Kf6 42. Kf4 e5+ 43. Ke3 h5 44. gxh5 gxh5 45. Rd8 Kg5 46. Rg8+ Rg6 47. Rf8 h4 48. Kf2 Rh6 49. Rg8+ Kf4 50. Rg1 h3 51. Rh1 h2 52. b3 Rh3 53. Ke2 Rxf3 54. Rxh2 Rxc3 55. Rh6 Rxb3 56. Rxa6 e4 57. Ra5 Rb2+ 58. Kd1 Ke3 59. a4 bxa4 60. Rxf5 a3 61. Ra5 a2 62. Kc1 Rb1+ 63. Kc2 a1Q 0-1

[Event "Titled Tuesday intern op 13th Feb Early"]
[Site "Chess.com INT"]
[Date "2024.02.13"]
[Round "3"]
[White "Samunenkov, Igor"]
[Black "Derjabin, Ilja"]
[Result "0-1"]
[WhiteElo "2539"]
[BlackElo "2333"]
[PlyCount "122"]
[EventDate "2024.02.13"]
[EventType "swiss (blitz)"]
[EventRounds "11"]
[EventCountry "USA"]
[SourceTitle "CB08_2024"]
[SourceDate "2024.02.21"]
[SourceVersion "1"]
[SourceVersionDate "2024.02.21"]
[SourceQuality "1"]

1. d4 Nf6 2. Nc3 e6 3. Bf4 d5 4. Nb5 Na6 5. e3 c6 6. Nc3 Nc7 7. Nf3 Bd6 8. Ne5 0-0 9. Bd3 h6 10. Qf3 Nb5 11. Nxb5 cxb5 12. 0-0-0 Nd7 13. Bxb5 Bxe5 14. dxe5 Qa5 15. Bxd7 Bxd7 16. Kb1 Rfc8 17. Qe2 Rc4 18. b3 Rc7 19. Rd4 Rac8 20. Qd2 Qa3 21. Rc1 a5 22. c3 Bb5 23. Qb2 Qe7 24. f3 a4 25. e4 dxe4 26. c4 Bc6 27. fxe4 axb3 28. axb3 Ra8 29. Rcd1 Qb4 30. Bd2 Qc5 31. Be3 Qb4 32. Rd8+ Rxd8 33. Rxd8+ Kh7 34. Bd2 Bxe4+ 35. Kc1 Qc5 36. Qd4 Qxd4 37. Rxd4 Bxg2 38. Ba5 Rc6 39. Rd7 b5 40. Rxf7 bxc4 41. b4 c3 42. Rc7 Kg6 43. Kc2 Be4+ 44. Kb3 Rxc7 45. Bxc7 c2 46. Kb2 Kf5 47. b5 g5 48. b6 h5 49. b7 Bxb7 50. Kxc2 Kg4 51. Bd8 Kf4 52. Kd2 g4 53. Bf6 Kf3 54. Bh4 Kg2 55. Bg3 h4 56. Bxh4 Kxh2 57. Ke1 g3 58. Bg5 g2 59. Bf4+ Kh1 60. Be3 g1Q+ 61. Bxg1 Kxg1 0-1

[Event "Chessable Masters Play In"]
[Site "Chess.com INT"]
[Date "2024.01.31"]
[Round "7"]
[White "Kravtsiv, Martyn"]
[Black "Samunenkov, Igor"]
[Result "1-0"]
[WhiteElo "2598"]
[BlackElo "2533"]
[PlyCount "111"]
[EventDate "2024.01.31"]
[EventType "swiss (rapid)"]
[EventRounds "9"]
[EventCountry "USA"]
[SourceTitle "CB06_2024"]
[SourceDate "2024.02.07"]
[SourceVersion "1"]
[SourceVersionDate "2024.02.07"]
[SourceQuality "1"]

1. e4 c6 2. Nf3 d5 3. d3 dxe4 4. dxe4 Qxd1+ 5. Kxd1 Nf6 6. Nfd2 g5 7. Nc3 Nbd7 8. a4 b6 9. Nc4 Rg8 10. h4 h6 11. hxg5 hxg5 12. Ke1 Ba6 13. f3 e6 14. Be3 Bxc4 15. Bxc4 Bc5 16. Bxc5 bxc5 17. Be2 Rb8 18. b3 a5 19. Nd1 Ne5 20. Ne3 Ke7 21. Rd1 Rb4 22. Kf2 Rd4 23. c3 Rxd1 24. Rxd1 Rb8 25. Rb1 Ne8 26. Ke1 Nd6 27. Kd2 f5 28. exf5 exf5 29. Kc2 f4 30. Ng4 Nxg4 31. fxg4 Nf7 32. Rh1 Rh8 33. Rxh8 Nxh8 34. b4 cxb4 35. cxb4 axb4 36. Kb3 c5 37. a5 Kd6 38. Bf3 Kc7 39. Kc4 Ng6 40. Kxc5 b3 41. a6 b2 42. Be4 Ne5 43. a7 Nd7+ 44. Kd4 b1Q 45. Bxb1 Kb7 46. Bf5 Nb6 47. Ke5 Kxa7 48. Kf6 Kb8 49. Kxg5 Nd5 50. Be4 Ne7 51. Kf6 Ng8+ 52. Kg7 Ne7 53. g5 Kc7 54. g6 Kd6 55. Kf7 Nxg6 56. Kxg6 1-0

[Event "Titled Tuesday intern op 16th Jan Early"]
[Site "Chess.com INT"]
[Date "2024.01.16"]
[Round "11"]
[White "Samunenkov, Igor"]
[Black "Ashraf, Artin"]
[Result "1-0"]
[WhiteElo "2533"]
[BlackElo "2399"]
[PlyCount "79"]
[EventDate "2024.01.16"]
[EventType "swiss (blitz)"]
[EventRounds "11"]
[EventCountry "USA"]
[SourceTitle "CB04_2024"]
[SourceDate "2023.10.16"]
[SourceVersion "1"]
[SourceVersionDate "2023.10.16"]
[SourceQuality "1"]

1. d4 Nf6 2. c4 e6 3. Nf3 b6 4. g3 Ba6 5. Qa4 Bb7 6. Bg2 Be7 7. 0-0 0-0 8. Nc3 Ne4 9. Bd2 Qc8 10. Rfd1 a6 11. d5 Nxd2 12. Nxd2 e5 13. Bh3 Qd8 14. Qc2 d6 15. b4 Nd7 16. Nb3 g6 17. e4 h5 18. Rab1 Rb8 19. a4 Nf6 20. f3 Nh7 21. a5 Ng5 22. Bg2 Bc8 23. axb6 Rxb6 24. Na5 Bd7 25. Na4 Rb8 26. c5 Bxa4 27. Qxa4 dxc5 28. Nc6 Qd6 29. Nxb8 Rxb8 30. h4 Nh7 31. bxc5 Qxc5+ 32. Kh2 Rxb1 33. Rxb1 g5 34. Qe8+ Kg7 35. Rb8 gxh4 36. Qg8+ Kh6 37. Qxf7 hxg3+ 38. Kxg3 Bh4+ 39. Kh2 Qd6 40. Rg8 1-0

[Event "Titled Tuesday intern op 16th Jan Early"]
[Site "Chess.com INT"]
[Date "2024.01.16"]
[Round "5"]
[White "Samunenkov, Igor"]
[Black "Pranesh, M."]
[Result "1/2-1/2"]
[WhiteElo "2533"]
[BlackElo "2538"]
[PlyCount "246"]
[EventDate "2024.01.16"]
[EventType "swiss (blitz)"]
[EventRounds "11"]
[EventCountry "USA"]
[SourceTitle "CB04_2024"]
[SourceDate "2023.10.16"]
[SourceVersion "1"]
[SourceVersionDate "2023.10.16"]
[SourceQuality "1"]

1. d4 d5 2. c4 e6 3. Nf3 Nf6 4. g3 Be7 5. Bg2 0-0 6. 0-0 dxc4 7. Qc2 a6 8. a4 Bd7 9. Qxc4 Bc6 10. Bf4 Nbd7 11. a5 Bd6 12. Qc1 Qe7 13. Nc3 Rfe8 14. Re1 Ne4 15. Ne5 Bxe5 16. dxe5 Nec5 17. Bxc6 bxc6 18. Qc2 Rab8 19. h4 h6 20. Red1 Rb4 21. Na2 Rb3 22. Rxd7 Qxd7 23. Qxc5 Rxb2 24. Nc3 Reb8 25. Rd1 Qe8 26. Kg2 Rc2 27. Rc1 Rxc1 28. Bxc1 Rb7 29. Be3 Qd7 30. h5 Kh7 31. Qc4 c5 32. Qxa6 Rb3 33. Qc4 Qc6+ 34. Kh2 Rb4 35. Qxc5 Qxc5 36. Bxc5 Rc4 37. Be7 Rxc3 38. a6 Rc2 39. a7 Ra2 40. Bc5 g5 41. g4 Kg7 42. Kg3 f6 43. f4 gxf4+ 44. Kxf4 fxe5+ 45. Kxe5 Rxe2+ 46. Kf4 Ra2 47. Ke5 Ra6 48. Ke4 Kf7 49. Bd4 Ra4 50. Ke5 Ra5+ 51. Ke4 e5 52. Be3 Ke6 53. Kf3 Ra3 54. Ke4 Ra4+ 55. Kf3 c6 56. Kg3 Ra3 57. Kf3 Kd5 58. g5 e4+ 59. Kf2 Ke6 60. g6 Ra2+ 61. Kg3 Kf6 62. Bd4+ Ke7 63. Kf4 Ra4 64. Kxe4 c5 65. a8Q Rxa8 66. Bxc5+ Ke6 67. Be3 Ra4+ 68. Kf3 Ra3 69. Ke4 Ra5 70. Bxh6 Re5+ 71. Kf3 Rxh5 72. g7 Kf7 73. Bf4 Kxg7 74. Kg2 Kg6 75. Bh2 Kf5 76. Bg3 Kg4 77. Bf2 Rb5 78. Bg1 Rb2+ 79. Kh1 Kf3 80. Bh2 Kf2 81. Bg1+ Kf1 82. Bh2 Rb1 83. Bg1 Ke2 84. Kg2 Rb7 85. Kh1 Kf3 86. Bh2 Rh7 87. Kg1 Kg4 88. Kg2 Rd7 89. Bg1 Rb7 90. Be3 Rb2+ 91. Kh1 Kg3 92. Bd4 Rh2+ 93. Kg1 Re2 94. Kh1 Rh2+ 95. Kg1 Rd2 96. Be5+ Kh3 97. Kf1 Rd5 98. Bc3 Rd1+ 99. Ke2 Rb1 100. Kf2 Rc1 101. Be5 Rc5 102. Bd4 Rg5 103. Be3 Rg8 104. Kf3 Rf8+ 105. Bf4 Rf7 106. Ke4 Kg4 107. Be3 Re7+ 108. Kd3 Kf3 109. Bc5 Rc7 110. Kd4 Rd7+ 111. Ke5 Rd3 112. Bd4 Rd1 113. Bc5 Re1+ 114. Kd5 Kf4 115. Bd6+ Kf5 116. Bb4 Rd1+ 117. Kc6 Ke5 118. Bc3+ Ke6 119. Bb4 Rc1+ 120. Bc5 Ke5 121. Kb6 Kd5 122. Bf8 Rf1 123. Be7 Rf7 1/2-1/2

[Event "Titled Tuesday intern op 16th Jan Early"]
[Site "Chess.com INT"]
[Date "2024.01.16"]
[Round "6"]
[White "Samunenkov, Igor"]
[Black "Svane, Rasmus"]
[Result "1-0"]
[WhiteElo "2533"]
[BlackElo "2637"]
[PlyCount "141"]
[EventDate "2024.01.16"]
[EventType "swiss (blitz)"]
[EventRounds "11"]
[EventCountry "USA"]
[SourceTitle "CB04_2024"]
[SourceDate "2023.10.16"]
[SourceVersion "1"]
[SourceVersionDate "2023.10.16"]
[SourceQuality "1"]

1. d4 d5 2. c4 e6 3. Nf3 Nf6 4. g3 h6 5. Bg2 Bd6 6. 0-0 0-0 7. Nc3 Nc6 8. b3 dxc4 9. bxc4 e5 10. c5 exd4 11. Nxd4 Be5 12. Nxc6 bxc6 13. Qc2 Qd4 14. Bb2 Qxc5 15. Rac1 Be6 16. Qa4 Qb6 17. Ba1 Rad8 18. Qxc6 Qxc6 19. Bxc6 Rd2 20. Ne4 Nxe4 21. Bxe5 Rxe2 22. Bxc7 Bxa2 23. Rfe1 Rxe1+ 24. Rxe1 Nf6 25. Ra1 Rc8 26. Be5 Rxc6 27. Rxa2 a6 28. Bxf6 Rxf6 29. Kg2 g5 30. h4 gxh4 31. gxh4 Kg7 32. Kg3 Kg6 33. Ra5 Rc6 34. h5+ Kf6 35. Kg4 Rc4+ 36. f4 Rc6 37. Rf5+ Ke6 38. Ra5 Rb6 39. Ra4 Ke7 40. Ra3 Kf6 41. Ra5 Ke7 42. Ra3 Rc6 43. Ra4 Re6 44. Ra5 Kd7 45. Kf5 Kc7 46. Ra3 Kb6 47. Rg3 a5 48. Rg8 Re7 49. Rh8 Re6 50. Rf8 Re7 51. Rh8 a4 52. Rxh6+ Kb5 53. Rh8 a3 54. Ra8 Re3 55. h6 Rh3 56. h7 Rxh7 57. Rxa3 Kc6 58. Rd3 Rh4 59. Kg5 Rh7 60. Kf6 Kc7 61. f5 Kc8 62. Rd4 Kc7 63. Rd3 Kc8 64. Rd2 Kc7 65. Ke7 Kc8 66. Rc2+ Kb7 67. f6 Kb6 68. Kf8 Kb7 69. Kg8 Rh5 70. Kxf7 Rc5 71. Rxc5 1-0

[Event "Titled Tuesday intern op 09th Jan Early"]
[Site "Chess.com INT"]
[Date "2024.01.09"]
[Round "3"]
[White "Paravyan, David"]
[Black "Samunenkov, Igor"]
[Result "1/2-1/2"]
[WhiteElo "2612"]
[BlackElo "2533"]
[PlyCount "108"]
[EventDate "2024.01.09"]
[EventType "swiss (blitz)"]
[EventRounds "11"]
[EventCountry "USA"]
[SourceTitle "CB03_2024"]
[SourceDate "2024.01.17"]
[SourceVersion "1"]
[SourceVersionDate "2024.01.17"]
[SourceQuality "1"]

1. e4 c6 2. d4 d5 3. e5 Bf5 4. Nd2 e6 5. Nb3 Nd7 6. Nf3 a6 7. Be2 c5 8. c3 c4 9. Nbd2 Ne7 10. 0-0 Nc6 11. Ne1 h5 12. g3 g6 13. Ng2 Bh3 14. Re1 Bxg2 15. Kxg2 Bh6 16. h4 b5 17. Nf3 Bxc1 18. Qxc1 Qe7 19. Qf4 Rb8 20. Ng5 Nf8 21. b4 Nh7 22. Nxh7 Rxh7 23. a4 Rh8 24. axb5 axb5 25. Ra6 Kd7 26. Rea1 Rhc8 27. R1a3 Rc7 28. Bf3 Rbb7 29. Ra8 Ra7 30. R3xa7 Rxa7 31. Rh8 Ra3 32. g4 hxg4 33. Qxg4 Kc7 34. Rh7 Rxc3 35. Qf4 Nd8 36. h5 gxh5 37. Bxh5 Kb6 38. Bxf7 Nxf7 39. Rxf7 Qe8 40. Qf6 Ra3 41. Re7 Qg8+ 42. Rg7 Qe8 43. Qh6 Ra7 44. Rg6 Re7 45. f4 Qf7 46. Kf3 Qf5 47. Rf6 Qe4+ 48. Kg3 Qe3+ 49. Kg2 Qe2+ 50. Kg3 Qe3+ 51. Kg2 Qe4+ 52. Kg3 Qd3+ 53. Kg2 Qe2+ 54. Kg3 Qe3+ 1/2-1/2